| 000 | 00364nam a22001337a 4500 | ||
|---|---|---|---|
| 008 | 150904b xxu||||| |||| 00| 0 eng d | ||
| 020 | _a9780143170532 | ||
| 050 | _aPR6057.R3443 D86 | ||
| 100 | _aGreen, Jane | ||
| 245 |
_aDune road. / _cJane Green. |
||
| 260 |
_aLondon: _bPenguin Books, _c2009. |
||
| 300 |
_aix, 450p.: + various pagings. _b19cm. |
||
| 942 |
_2lcc _cBK |
||
| 999 |
_c5730 _d13230 |
||